00840nam a22002297a 45000010005000000030006000050050017000110080041000280200018000690400029000870820011001161000033001272450070001602600036002303000057002665050008003235200189003315210020005205210020005406500019005607000031005793853FISKH20240517101208.0240517b cb ||||| |||| 00| 0 eng d a9780646947853 aFISKHbengcFISKHdFISKH a398.25 aLastdrager, Robert eauthor  aGhost tram / cby Robert Lastdrager : illustrated by Richard Cox  aOxford : bRaptor Books, c2015 a21 unnumbered pages : bcolor illustrations ;c23 cm aJ  aA whimsical allegory for life at journey's end, Ghost Tram wends its way through old Melbourne at night, its progress witnessed by creatures great and small whose time is not yet nigh.8 a500 bLexile 8 aJ bRaz-Plus  aghostvfiction aCox, Richard eillustrator